FIFA 21 Freeze - Statistics

General Stats
  • This quiz has been taken 34 times
  • The average score is 16 of 34
Answer Stats
Rating Club Player % Correct
92 Liverpool Sadio Mane
88%
89 Liverpool Roberto Firmino
76%
90 Real Madrid Casemiro
65%
86 Barcelona Ousmane Dembele
65%
89 Juventus Giorgio Chiellini
59%
87 Inter Milan Lautaro Martinez
59%
88 Bayern Munich Serge Gnabry
59%
85 Manchester United Aaron Wan-Bissaka
53%
84 Wolves Adama Traore
53%
86 Newcastle Allan Saint-Maximin
53%
88 Manchester City Bernardo Silva
53%
86 Lyon Houssem Aouar
53%
85 Strasbourg Kenny Lala
53%
88 PSG Marco Verratti
53%
84 Orlando City Nani
53%
84 Real Betis Alex Moreno
47%
85 Athletic Bilbao Ander Capa
47%
86 AS Monaco Kevin Volland
47%
85 RB Leipzig Konrad Laimer
47%
87 PSG Marquinhos
47%
83 Schalke 04 Salif Sane
47%
86 Valencia Jose Gaya
41%
85 Atalanta Robin Gosens
41%
85 Torino Cristian Ansaldi
35%
86 Sevilla Jesus Navas
35%
84 VFL Wolfsburg Joao Victor
35%
74 Atlanta United Jurgen Damm
35%
85 Atletico Madrid Lucas Torreira
35%
85 Napoli Matteo Politano
35%
83 Torino Ricardo Rodriguez
35%
86 Borussia Dortmund Thorgan Hazard
35%
85 Everton Yannick Bolasie
35%
83 AS Monaco Alexandr Golovin
29%
84 Bayer Leverkusen Leon Bailey
29%
No matching quizzes found
Score Distribution
Percent of People with Each Score
Percentile by Number Answered
Your Score History
You have not taken this quiz